000 00871nam a22001817a 4500
003 IT-RoPau
005 20220918181105.0
008 130513b xxu||||| |||| 00| 0 eng d
040 _cIT-RoPau
100 _aAutori vari
_990
245 _aGiacomo Alberione
_bcenni di formazione e ultimi giorni della sua vita
250 _a1° ed
260 _aRoma
_bSSP
_c1971
300 _a30 pp.
_c23 cm
490 _aEP
_vQuaderni di spiritualità 3
520 _aIndice Presentazione Don Francesco Zecchinati - Linee di formazione paolina negli esempi di vita di Don G. Alberione Fr. Elio Molino - L'esperienza di un discepolo circa i valori paolini della pietà e dell'apostolato Fr. Silvano de Blasio - M. Giuditta Benzo - Parte I - La giornata del Primo Maestro negli ultimi tre anni circa di vita Parte II - Gli ultimi giorni di vita del Primo Maestro
942 _2ddc
_cBK
999 _c98513
_d98513